00813nam a2200193 a 450000100100000000500170001000800410002704000250006808200160009311000880010924501110019726000460030830000330035450000410038750400740042853400640050270000220056670000310058800002479120200930023355.0110204s1975 ag b r 000 0 spa d aDO-SdBNPbspacBNPHU axxxxbC397s1 aCentro Regional de Ayuda Técnica,bAgencia para el Desarrollo Internacional (AID)10aSuelos de las regiones tropicales humedas /cprefacio Matthew Drosdoff ; traducción Andrés O. Bottaro. aBuenos Aires, México :bMarymar,c1975. a271 p. ; :bmapas. ;c22 cm. aIncluye bibliografía p. [263-265]. aIncluye referencias bibliográficas y notas al pie de las páginas. pTítulo original en inglés:tSoils of the humid tropics.1 aDrosdoff, Matthew1 aBottaro, Andrés O.,etr.